| 000 | 01199cad a22002415a 4500 | ||
|---|---|---|---|
| 001 | E146977 | ||
| 008 | 090319s2009 xxk f 000 0 eng d | ||
| 020 | _a9781906752286 | ||
| 035 | _a(Sirsi) u146977 | ||
| 041 | 0 | _aeng | |
| 050 | 0 | 4 | _a333.72 $2 18 |
| 110 | 2 |
_aAudit Scotland _93963 |
|
| 245 | 0 | 0 |
_aAsset management in the NHS in Scotland _h[electronic resource] |
| 260 |
_aEdinburgh _bAudit Scotland _c2009 |
||
| 505 | 2 | _aSetting the scene -- The strategic role of the Scottish Government Health Directorates -- Strategic planning and management by NHS bodies -- Deliverng value for money from the NHS estate -- Appendices | |
| 520 | _aLooks at how the NHS in Scotland manages its assets, which in 2007/08 amounted to fixed assets worth almost £5bn. Of this, £4bn related to land and buildings, with other significant fixed assets being vehicles, equipment and information technology. | ||
| 521 | _aAdvanced | ||
| 590 | _aKA | ||
| 651 | 4 |
_aScotland _y1999- |
|
| 690 | _aPROPERTY-OTHER PROPERTY TYPES-HEALTHCARE AND WELFARE PROPERTY | ||
| 856 | 4 | 0 |
_uhttps://www.audit-scotland.gov.uk/media/article.php?id=98 _zView the report free of charge at www.audit-scotland.gov.uk... |
| 942 | _n0 | ||
| 999 |
_c109375 _d109375 |
||